000 00741nam a2200265 a 4500
003 AR-BaBNM
005 20251128203448.0
008 082120s2002 ||||||||||||||000 | spa||
040 _cAR-BaBNM
100 1 _aTrevelyan, George Otto
245 0 0 _aLa Revolución Norteamericana
_n2
260 _aBuenos Aires
_bSiglo veinte
_c1968
300 _a369 p.
_bil., láms.
490 0 _aLas grandes revoluciones de la historia
650 4 _aREVOLUCION
650 4 _aHISTORIA DE LAS IDEAS
650 4 _aHISTORIA POLITICA
650 4 _aHISTORIA SOCIAL
650 4 _aCIENCIAS POLITICAS
651 4 _aEstados Unidos
700 1 _aMorris, Richard B.
_ecompilador
700 1 _aMasullo, Eduardo
_etraductor
942 _cBK
998 _cmariana
999 _c3492
_d3492